Silnoprúdové, riadiace a komunikačné káble. Káble na všeobecné použitie v stavbách vo vzťahu k požiadavkám reakcie na oheň. Zmena A1 : STN EN 50575/A1

Salvato in:
Dettagli Bibliografici
Natura: Libro
Lingua:slovacco
Pubblicazione: Bratislava : Ústav pre normalizáciu, metrológiu a skúšobníctvo SR, 2017
Tags: Aggiungi Tag
Nessun Tag, puoi essere il primo ad aggiungerne!!

MARC

LEADER 00000nam a22000003a 4500
001 0112450
003 SK-STU
005 20260324124242.9
007 ta
008 241120s ----xo-----e------000-0-----d
040 |a STU  |b slo 
041 0 |a slo 
044 |a xo 
245 1 0 |a Silnoprúdové, riadiace a komunikačné káble. Káble na všeobecné použitie v stavbách vo vzťahu k požiadavkám reakcie na oheň. Zmena A1 :  |b STN EN 50575/A1 
260 |a Bratislava :  |b Ústav pre normalizáciu, metrológiu a skúšobníctvo SR,  |c 2017 
300 |a 8 s. 
996 |b 284EO00659  |c E*O- 659  |l EE32  |s P  |a 0  |w 0112450_0001